01071nam a2200241 4500999001500000001000600015003000900021005001700030008004100047020001800088040003300106082002200139100002000161245021100181260007000392300002500462440003500487650004800522650006000570650004400630942001200674952014300686 c8454d845422079BD-DhUAP20240319124423.0971121s1997 enk 000 0 eng  a9781107400535 aDLCcBD-DhUAPdBD-DhUAPbEng00a808.06665 SWE2211 aSweeney, Simon.10aEnglish for business communication :ba short course consisting of five modules, cultural diversity and socialising, telephoning, presentations, meetings, and negotiations : teacher's book /cSimon Sweeney. aCambridge, U.K. ;aNew York :bCambridge University Press,c2003. aiv, 174 p. ;c28 cm. 0aCambridge professional English 0aBusiness communicationxStudy and teaching. 0aEnglish languagexBusiness EnglishxStudy and teaching. 0aBusiness etiquettexStudy and teaching. 2ddccBK 00102ddc4070aUAPCLbUAPCLcGeneral Stacksd2024-03-19l1o808.06665 SWEp3010022079r2025-07-28s2025-07-15t1v891.00w2024-03-19yBK